000 00367nam a2200145Ia 4500
008 210716s1986 xx 000 0 und d
041 _aeng
082 _a005.134 SIMA
100 _aSimpson, Alan.
245 _aUnderstanding dbase lll plus.
250 _a1
260 _aNew Delhi
_bBPB Publications
_c1986
300 _axxiv,415
650 _aComputer Fundamentals
999 _c183567
_d183567